| 000 | 01057cam a2200277 a 4500 | ||
|---|---|---|---|
| 001 | 2126104 | ||
| 003 | OSt | ||
| 005 | 20160331190702.0 | ||
| 008 | 970801s1998 njua b 001 0 eng | ||
| 010 | _a 97033459 | ||
| 020 | _a0691017069 (cl : alk. paper) | ||
| 040 |
_aDLC _cDLC _dDLC |
||
| 050 | 0 | 0 |
_aHD75 _b.R39 1998 |
| 082 | 0 | 0 |
_a338.9 _221 _bRAY 1998 |
| 100 | 1 |
_aRay, Debraj. _97588 |
|
| 245 | 1 | 0 |
_aDevelopment economics / _cDebraj Ray. |
| 260 |
_aPrinceton, N.J. : _bPrinceton University Press, _c1998. |
||
| 300 |
_axvii, 848 p. : _bill. ; _c26 cm. |
||
| 504 | _aIncludes bibliographical references (p. [805]-828) and indexes. | ||
| 650 | 0 |
_aDevelopment economics. _97021 |
|
| 856 | 4 | 1 |
_3Table of contents _uhttp://www.loc.gov/catdir/toc/prin031/97033459.html |
| 856 | 4 | 2 |
_3Publisher description _uhttp://www.loc.gov/catdir/description/prin021/97033459.html |
| 906 |
_a7 _bcbc _corignew _d1 _eocip _f19 _gy-gencatlg |
||
| 942 |
_2ddc _cSLOAN |
||
| 999 |
_c3400 _d3400 |
||